"Engineering Basics (Electrical, Electronics and Comp-Engineering) 3rd edn." (Record no. 35711)

MARC details
000 -LEADER
fixed length control field 00487nam a2200169Ia 4500
008 - FIXED-LENGTH DATA ELEMENTS--GENERAL INFORMATION
fixed length control field 230524s9999 xx 000 0 und d
082 ## - DEWEY DECIMAL CLASSIFICATION NUMBER
Classification number 430
Item number THY
100 ## - MAIN ENTRY--AUTHOR NAME
Personal name T.Thyagarajan
245 #0 - TITLE STATEMENT
Title "Engineering Basics (Electrical, Electronics and Comp-Engineering) 3rd edn."
250 ## - EDITION STATEMENT
Edition statement 3RD
260 ## - PUBLICATION, DISTRIBUTION, ETC. (IMPRINT)
Place of publication NEW DELHI
Name of publisher New Age
Year of publication 2001
300 ## - PHYSICAL DESCRIPTION
Number of Pages XII;484
500 ## - GENERAL NOTE
General note Quantity Number: 1
650 ## - SUBJECT ADDED ENTRY--TOPICAL TERM
Topical Term Electrical
700 ## - ADDED ENTRY--PERSONAL NAME
Personal name " K.P.Sendur Chelvi , T.R.Rangaswamy,,,"
942 ## - ADDED ENTRY ELEMENTS (KOHA)
Koha item type Books
Holdings
Lost status Damaged status Permanent Location Current Location Shelving location Date acquired Full call number Accession Number Koha item type
    Central Library, Trident Academy of Technology Central Library, Trident Academy of Technology General Stacks 05/24/2023 430 THY 13376 Books
Trident Academy of Technology © 2023.
All rights reserved.                                                                                                                                                                                                        Designed by Team of Central Library .

Powered by Koha